Proyecto de reforma del reglamento... 30 de Abril de 1897 / (Record no. 151504)

MARC details
000 -LEADER
campo de control de longitud fija 00695nam a2200157 i 4500
001 - NÚMERO DE CONTROL
campo de control 151504
003 - IDENTIFICADOR DE NÚMERO DE CONTROL
campo de control ES-MaACL
005 - FECHA Y HORA DE LA ÚLTIMA TRANSACCIÓN
campo de control 20230906204229.0
008 - DATOS DE LONGITUD FIJA--INFORMACIÓN GENERAL
campo de control de longitud fija 931025s1897 sp |||| | spa d
110 2# - ENTRADA PRINCIPAL--NOMBRE DE ENTIDAD CORPORATIVA
Nombre de entidad corporativa o nombre de jurisdicción como elemento de entrada Sociedad de Seguros Mutuos de Incendios de Casas en Madrid.
9 (RLIN) 134914
245 10 - MENCIÓN DEL TÍTULO
Título Proyecto de reforma del reglamento... 30 de Abril de 1897 /
Mención de responsabilidad, etc. por la Comisión Antigua Sociedad de Seguros Mutuos de Incendios en Madrid.
260 ## - PUBLICACIÓN, DISTRIBUCIÓN, ETC.
Lugar de publicación, distribución, etc. Madrid :
Nombre del editor, distribuidor, etc. [s.n.],
Fecha de publicación, distribución, etc. 1897 (
Fabricante Sucs. de Rivadeneyra)
300 ## - DESCRIPCIÓN FÍSICA
Extensión 30 p. ;
Dimensiones 31 cm.
610 2# - PUNTO DE ACCESO ADICIONAL DE MATERIA--NOMBRE DE ENTIDAD CORPORATIVA
Nombre de entidad corporativa o nombre de jurisdicción como elemento de entrada Sociedad de Seguros Mutuos de Incendios de Casas en Madrid-
Subdivisión de forma Reglamentos.
9 (RLIN) 134915
852 ## - LOCALIZACIÓN
Ubicación ES-MaACL
Número de control de estantería Fol-Laf-84
Nota libre -- Rúst.
-- -- Legado de M. de la Fuente
Holdings
Estatus retirado Estado de pérdida Estado de daño No para préstamo Colección Biblioteca de origen Biblioteca actual Ubicación en estantería Fecha de adquisición Total de préstamos Signatura topográfica completa Código de barras Visto por última vez Precio de reemplazo Tipo de ítem Koha
        Colección de folletos Biblioteca del Ateneo de Madrid Biblioteca del Ateneo de Madrid Depósito folletos 17/01/2008   Fol-Laf-84 1158077 23/02/2023 23/02/2023 Folleto